Central Library OPAC University of Rajshahi

Four modern philosophers : (Record no. 56582)

MARC details
000 -LEADER
fixed length control field 00880nam a2200265 a 4500
001 - CONTROL NUMBER
control field 56582
003 - CONTROL NUMBER IDENTIFIER
rucl marc code BD-RjUL
005 - DATE AND TIME OF LATEST TRANSACTION
control field 20211209080419.0
008 - FIXED-LENGTH DATA ELEMENTS--GENERAL INFORMATION
fixed length control field 161201s1968 enk b 000 0 eng
035 ## - SYSTEM CONTROL NUMBER
System control number (BD-RjUL) 56706
040 ## - CATALOGING SOURCE
Original cataloging agency DLC
Transcribing agency DLC
Modifying agency BD-RjUL
Language of cataloging eng
041 ## - LANGUAGE CODE
Language code of text/sound track or separate title eng
082 00 - DEWEY DECIMAL CLASSIFICATION NUMBER
Classification number 190
Edition number 23
Author mark and year NAF 1968
100 1# - MAIN ENTRY--PERSONAL NAME
Personal name Næss, Arne.
9 (RLIN) 168290
245 10 - TITLE STATEMENT
Title Four modern philosophers :
Remainder of title Carnap, Wittgenstein, Heidegger, Sartre /
Statement of responsibility, etc. Arne Næss, Translated by Alastair Hannay
260 ## - PUBLICATION, DISTRIBUTION, ETC. (IMPRINT)
Place of publication, distribution, etc. London :
Name of publisher, distributor, etc. University of Chicago Press
Date of publication, distribution, etc. 1968
300 ## - PHYSICAL DESCRIPTION
Pagination xiii, 367 p.
Size 21 cm.
500 ## - GENERAL NOTE
General note Includes Index
600 10 - SUBJECT ADDED ENTRY--PERSONAL NAME
Personal name Heidegger, Martin,
Dates associated with a name 1889-1976.
Personal name Wittgenstein, Ludwig,
Dates associated with a name 1889-1951.
Personal name Sartre, Jean-Paul,
Dates associated with a name 1905-1980.
Personal name Carnap, Rudolf,
Dates associated with a name 1891-1970.
700 ## - ADDED ENTRY--PERSONAL NAME
Personal name Hannay, Alastair
942 ## - ADDED ENTRY ELEMENTS (KOHA)
Source of classification or shelving scheme Dewey Decimal Classification
Koha item type Books
Holdings
Lost status Source of classification or shelving scheme Damaged status Not for loan Collection code Permanent Location Current Location Shelving location Date acquired Source of acquisition Cost, normal purchase price Total Checkouts Full call number Date last seen Copy number Koha item type
  Dewey Decimal Classification   Not For Loan Non-fiction Central Library, University of Rajshahi Central Library, University of Rajshahi Reading Room 09/10/1970 Zeitlinger 95.00   190 NAF 1968 01/12/2016 C-1 Books